Die beliebtesten Castingshows in Deutschland - Statistiken

Allgemein
  • Dieses Quiz wurde 78 mal gespielt
  • Das Durchschnittsergebnis liegt bei 5 aus 29
Antwortstatistiken
Hint Antwort % Korrekt
RTL DSDS
97%
RTL Das Supertalent
83%
ProSieben/ Sat.1 The Voice of Germany
73%
ProSieben Germany's next Topmodel
49%
Sat.1 The Voice Kids
46%
RTL2/ ProSieben Popstars
39%
VOX/ RTL X Factor
26%
Ki.Ka Dein Song
14%
Sat.1 Star Search
11%
ProSieben/ Das Erste Unser Star für Oslo
10%
ProSieben/ Das Erste Unser Star für Baku
9%
ProSieben SSDSGPS
6%
Sat.1 Got To Dance
4%
RTL DSDS Kids
3%
RTL2 Fame Academy
3%
VOX Das perfekte Model
1%
ProSieben SSDSDSSWEMUGABRTLAD
1%
ProSieben The next Uri Geller
1%
ProSieben Bully sucht die starken Männer
0%
RTL2 Curvy Supermodel
0%
ZDF Die deutsche Stimme
0%
ProSieben Germany's Next Showstars
0%
Sat.1 Ich Tarzan, Du Jane!
0%
RTL Mission Hollywood
0%
ZDF Musical Showstar
0%
RTL Rising Star
0%
ProSieben Sommermädchen
0%
RTL2 Teenstar
0%
Sat.1 You Can Dance
0%
Keine übereinstimmenden Quizze gefunden
Verteilung der Resultate
Anzahl Personen mit jedem Resultat
Perzentil nach korrekt beantworteten Fragen
Ihre Resultats-Entwicklung
Sie haben dieses Quiz noch nicht gespielt